Регионална библиотека "Любен Каравелов" - Русе

Биология (Запис номер 66602)

MARC детайли
000 -Лидер
Контролно поле с фиксирана дължина 01373nam a2200349 c 4500
003 - Код на организацията, давaща контролен номер
Контролно поле BLK
005 - Дата и час на последна редакция
Контролно поле 20210205124209.0
008 - Елементи от данни с фиксирана дължина
fixed length control field 180408b bul|||||r ||||||| ||bul||
010 ## - Наследен системен номер
LC control number KNG00070901000
020 ## - Международен стандартен номер на книга ISBN
Международен стандартен номер на книга ISBN 954-535-367-8
040 ## - Източник на каталожния запис
Идентификатор на билиотеката - собственик на записа BLK
041 ## - Код за език
Код за езика на текст/звукозапис или на отделно заглавие Български
Код за езика КДБФ Български
080 ## - УДК
Текстов определител УДК Биологични науки
УДК код - определител по УДК 57
УДК определител (075.8)
УДК - код + определител 57(075.8)
100 1# - Редна дума - Автор
Автор Кънчев, Любомир Найденов
Авторска отговорност първи автор
R(LIN) 293027
139 ## - Редно поле
Редна дума Кънчев, Любомир Найденов
Авторски знак Към - К 96
245 10 - Сведения за заглавието
Заглавие Биология
Редно поле (дума) Любомир Найденов Кънчев.
257 ## - Страна на издаване
Страна на създаване/издаване България
260 ## - Област на издателските данни
Име на издателя, разпространителя и проч. Нов бълг. унив.
Година на издаване 2004
300 ## - Физическа характеристика
Страници 160 с.
Илюстрации и др. с ил., сх., табл.
Размери/Мащаб 29 см
380 ## - Жанр
Жанр Естествени науки. Математика
490 1# - СЕРИИ (Колекции)
Име на серия Екология
500 ## - Общи забележки
Забележка Изд. на НБУ. Център за дистанционно обучение. - Съдържа и Тест по биология ; Отговор на въпросите за преговор. - Библиогр. с. 145
504 ## - Забележка за наличие на библиография и др
Забележка за наличие на библиография и под. 145
650 #4 - Допълнително описание по предмет – тема
Основно описание – тема или топоним Биология - учебници за ВУЗ
9 (RLIN) 246532
653 ## - Ключова дума – ненормативна
Ключова дума биология
653 ## - Ключова дума – ненормативна
Ключова дума учебници за ВУЗ
852 ## - Местоположение
Форматна сигнатура Цб ІІ 14238
856 4# - Електронен адрес и достъп
Електронен формат pdf - файл
856 4# - Електронен адрес и достъп
Електронен формат pdf - файл
999 ## - СИСТЕМНИ КОНТРОЛНИ НОМЕРА
Koha biblionumber 66602
Koha biblioitemnumber 66602
942 ## - АРТИКУЛИ
Вид на библиотечния материал Книги
Скрит в OPAC Не
Периодичен библиозапис Да
944 ## - СЪЗДАВАНЕ И РЕДАКЦИЯ на ЗАПИСА
Създаване/Редакция Създаване
Дата на регистрацията/редакция 30.01.2007
Служител, извършил регистрацията/редакцията Цветанка_Енчева
944 ## - СЪЗДАВАНЕ И РЕДАКЦИЯ на ЗАПИСА
Създаване/Редакция Редакция
Дата на регистрацията/редакция 02.02.2007
999 ## - СИСТЕМНИ КОНТРОЛНИ НОМЕРА
Koha biblioitemnumber 66602
Наличности
Код за отписване Код за изгубен артикул Код за повреда Коз за рестрикции Код за отдаване Артикулен № Име на библиотеката - собственик Име на библиотеката, в която се намира в момента Статус (Текущо местоположение) Дата на вписване в системата Местоположение - отдел Цена в лева Инвентарен номер Систематично азбучна сигнатура Баркод Номер на екземпляра Цена в евро Служебна бележка Служебен тип на артикула
  Не е изгубен Не е повреден без рестрикции ползва се в читалня 110403 Регионална библиотека "Любен Каравелов" Русе Регионална библиотека "Любен Каравелов" Русе Хранилище 2007-01-30 Хранилище 0.00 120000708964 Цб ІІ 14238 120000708964 1 0.00 Дост: Dp Вид: Д N: 8 Дата: 01.02.2006 Книги
Vip Innovations Ltd, Rousse, Bulgaria 2025